On This Day: April 4th II Quiz Stats

 Plays Quiz Updated Apr 4, 2018

Score 0/7 Timer 03:00
0 Plays Today
Question Answer Wrong Answers
This band occupies the top five positions on the Billboard Hot 100 pop chart.
1964
The Beatles
92.5%
The Rolling Stones
2.4%
The Beach Boys
3.6%
The Who
0.3%
This organization, the oldest and first official registry of purebred dogs in the world, is founded in the United Kingdom.
1873
The Kennel Club
87.8%
ASPCA
5.9%
The Humane Society
2.6%
PETA
2.9%
Martin Luther King Jr. is assassinated by James Earl Ray at a motel in ______.
1968
Memphis, Tennessee
81.3%
Atlanta, Georgia
6.9%
Chicago, Illinois
1.2%
Jackson, Mississippi
9.2%
This man becomes what is generally regarded as the de facto first Prime Minister of Great Britain.
1721
Robert Walpole
75.5%
Spencer Compton
8.6%
Henry Pelham
9.9%
Thomas Pelham-Holles
5.9%
This major US city, today the second most populous city in the United States, is incorporated.
1850
Los Angeles
72.3%
Chicago
16.9%
New York
9.1%
Las Vegas
1.3%
Marc Andreessen and Jim Clark found ______ Communications Corporation under the name Mosaic Communications Corporation.
1994
Netscape
42%
Google
38.4%
CompuServe
10%
Lycos
7.5%
President Ronald Reagan calls for an international ban on these.
1984
Chemical Weapons
33.5%
Nuclear Weapons
57%
Laser Weapons
1.8%
Assault Weapons
6.1%

You're not logged in!

Compare scores with friends on all Sporcle quizzes.
OR
Log In

Sporcle TV

Today on Sporcle TV


Watch our educational content, quiz creation guides, and fun videos on Sporcle TV.

Show Comments

Extras

Top Quizzes Today


Score Distribution

Your Account Isn't Verified!

In order to create a playlist on Sporcle, you need to verify the email address you used during registration. Go to your Sporcle Settings to finish the process.

Report this User

Report this user for behavior that violates our Community Guidelines.

Details: